Superheroes by Bad Descriptions Quiz Stats

 Plays Quiz Updated Jun 19, 2018

Score 0/15 Timer 04:00
8 Plays Today
Bad Descriptions Superhero % Correct
Nerdy teen hangs out on the web.Spider-Man
91.9%
Illegal immigrant is allergic to rocks.Superman
75.9%
Scientist excels at running away.The Flash
70.3%
Orphan becomes cave-man.Batman
65%
Scientist with multiple personality disorder also a demolitions expert.The Hulk
57.1%
Doctor gets hammered, rides the lightning.Thor
54.8%
Spoiled princess thinks she's a gift from the gods.Wonder Woman
52.3%
Rambling drunk makes his own suits.Iron Man
51.6%
Bad Descriptions Superhero % Correct
Lawyer hero lacks foresight.Daredevil
50.1%
War veteran is very defensive.Captain America
48.9%
Forgetful old man wields sharp knives.Wolverine
44.9%
Expert marksman wears jade tights.Green Arrow
42.3%
Test pilot needs battery to feel good.Green Lantern
32.3%
Girl uses mace on attackers.Hawkgirl
26%
Former CIA operative goes through hell and backSpawn
19.7%

You're not logged in!

Compare scores with friends on all Sporcle quizzes.
OR
Log In

Sporcle TV

Today on Sporcle TV


Watch our educational content, quiz creation guides, and fun videos on Sporcle TV.

Show Comments

Extras

Top Quizzes Today


Score Distribution

Your Account Isn't Verified!

In order to create a playlist on Sporcle, you need to verify the email address you used during registration. Go to your Sporcle Settings to finish the process.

Report this User

Report this user for behavior that violates our Community Guidelines.

Details: